| 000 | 00988cam a22003014a 4500 | ||
|---|---|---|---|
| 999 |
_c28606 _d28577 |
||
| 001 | 13859440 | ||
| 003 | EG-ScBUE | ||
| 005 | 20200825152307.0 | ||
| 008 | 050202t20052005flua f b 001 0 eng d | ||
| 020 | _a0849334896 (alk. paper) | ||
| 020 | _a9780849334894 | ||
| 040 |
_aDLC _beng _erda _cDLC _dDLC _dEG-ScBUE |
||
| 082 | 0 | 4 |
_a621.563 _bRAD _222 |
| 100 | 1 |
_aRadermacher, Reinhard, _eauthor. |
|
| 245 | 1 | 0 |
_aVapor compression heat pumps with refrigerant mixes / _cReinhard Radermacher, Yunho Hwang. |
| 264 | 1 |
_aBoca Raton, FL : _bCRC Press / Taylor & Francis Group, _c[2005] |
|
| 264 | 4 | _cc2005 | |
| 300 |
_a307 pages : _billustrations ; _c24 cm |
||
| 336 |
_atext _btxt _2rdacontent |
||
| 337 |
_aunmediated _bn _2rdamedia |
||
| 338 |
_avolume _bnc _2rdacarrier |
||
| 504 | _aIncludes bibliographical references and index. | ||
| 650 | 7 |
_aHeat pumps. _2BUEsh |
|
| 650 | 7 |
_aRefrigerants. _2BUEsh |
|
| 653 |
_bENGMEC _cAugust2020 |
||
| 700 | 1 |
_aHwang, Yunho, _eauthor. |
|
| 942 |
_2ddc _cBB |
||